00721nam a22001817a 4500003000400000008004100004082001900045100002100064245014700085260005600232300001800288650002700306650004900333650002600382942001200408999001700420952010200437OSt240111b1994 |||||||| |||| 00| 0 eng d a658.402bWES-E aWest, Michael A. aEffective Teamwork :bprofessor of work and organizational psychology institute of work psychology university of sheffield /cMichael A. West. aNew Delhi :bBritish Psychological society ,c1994. axvi, 127 p. ; aTeams in the workplace aTeams in the workplace-Psychological aspects aGroup decision making 2ddccBK c20004d20004 00102ddc4070aSOBDbSOBDd2024-01-11l0o658.402 WES-E1pSD1659r2024-01-11t1w2024-01-11yBK